Central Library OPAC University of Rajshahi

Integrated circuits : (Record no. 73816)

MARC details
000 -LEADER
fixed length control field 00623nam a2200217 a 4500
001 - CONTROL NUMBER
control field 73816
003 - CONTROL NUMBER IDENTIFIER
rucl marc code BD-RjUL
005 - DATE AND TIME OF LATEST TRANSACTION
control field 20211209082441.0
008 - FIXED-LENGTH DATA ELEMENTS--GENERAL INFORMATION
fixed length control field 170612s1983 ii a|||| |||| 00| 0 eng d
035 ## - SYSTEM CONTROL NUMBER
System control number (BD-RjUL)74034
040 ## - CATALOGING SOURCE
Original cataloging agency BD-RjUL
Language of cataloging eng
Transcribing agency BD-RjUL
041 ## - LANGUAGE CODE
Language code of text/sound track or separate title eng
082 ## - DEWEY DECIMAL CLASSIFICATION NUMBER
Edition number 23
Classification number 621.3815
Author mark and year BOI 1983
100 1# - MAIN ENTRY--PERSONAL NAME
Personal name Botkar, K. R.
9 (RLIN) 218570
245 10 - TITLE STATEMENT
Title Integrated circuits :
Remainder of title a textbook for engineering students /
Statement of responsibility, etc. K. R. Botkar
250 ## - EDITION STATEMENT
Edition statement 2nd ed.
260 ## - PUBLICATION, DISTRIBUTION, ETC. (IMPRINT)
Place of publication, distribution, etc. New Delhi :
Name of publisher, distributor, etc. Khanna Publishers,
Date of publication, distribution, etc. 1983
300 ## - PHYSICAL DESCRIPTION
Pagination 290 p. :
Illustrations ill. ;
Size 21 cm.
650 ## - SUBJECT ADDED ENTRY--TOPICAL TERM
Topical term or geographic name as entry element Integrated circuits
9 (RLIN) 218571
942 ## - ADDED ENTRY ELEMENTS (KOHA)
Source of classification or shelving scheme Dewey Decimal Classification
Koha item type Books
Holdings
Lost status Source of classification or shelving scheme Damaged status Not for loan Collection code Permanent Location Current Location Shelving location Date acquired Source of acquisition Cost, normal purchase price Total Checkouts Full call number Date last seen Copy number Koha item type
  Dewey Decimal Classification   Not For Loan Non-fiction Central Library, University of Rajshahi Central Library, University of Rajshahi Reading Room 20/08/1984 A.B.A. Cat. Pub. 17.50   621.3815 BOI 1983 12/06/2017 C-1 Books